000 00489nam a2200205Ia 4500
003 OSt
005 20221005122922.0
006 a|||||r|||| 00| 0
007 ta
008 221004b |||||||| |||| 00| 0 eng d
024 _a119176
037 _cTextual
040 _aCRL
_cCRL
_beng
041 _2eng
_aeng
100 _aKavichandra
_9632827
245 0 _aKavisurya Gitavali
650 _aORIYA LITERATURE
_927692
942 _cTEXL
_2cc
999 _c1045790
_d1045790